Fictionary: Novel Titles by Definition Quiz Stats

 Plays Quiz Updated Feb 21, 2020

Support Sporcle.
Go Orange.
Score 0/25 Timer 06:00
0 Plays Today
Dictionary Definition Novel % Correct
A ridge of sand created by the windDune
89.8%
Any man who serves as a sponsor for a child at baptismThe Godfather
78.3%
The long deep sound that a cow makesMoo
76.3%
A thick tropical forestThe Jungle
73.7%
A person of subnormal intelligenceThe Idiot
72.3%
A song of devotion or loyalty (as to a nation or school)Anthem
67.3%
Dear to the heartBeloved
63.1%
The mouth of a person or animal, especially a large and frightening animalJaws
61.8%
An epidemic disease causing a high rate of mortalityThe Plague
59.3%
Someone who pays for the services of a professional personThe Client
57%
A style of jazz piano music, developed by Scott Joplin around 1900Ragtime
54.5%
Used to refer to a thing previously mentioned or easily identifiedIt
51%
A journey by a large group to escape from a hostile environmentExodus
50.5%
Dictionary Definition Novel % Correct
A stomach distress with distaste for food and an urge to vomitNausea
49.8%
An animal one year old or in the second year of its ageThe Yearling
44%
The part of society consisting of criminal organizations and activitiesUnderworld
42.7%
A source of aidThe Help
42.2%
Inducement to act by argument or reasoning or entreatyPersuasion
41%
Not made or caused by humankind.The Natural
40.2%
The moment when you first realize or experience somethingThe Awakening
30.7%
A declaration that one will do or refrain from doing something specifiedThe Promise
24.2%
The most basic part of something from which the rest of it developsFoundation
19.6%
The process of being saved from danger or harmDeliverance
13%
The process of giving information to people, especially information that was secretDisclosure
12.6%
The area around the altar of a church for the clergy and choirSanctuary
10.3%

From the Vault

Vowel-less Backwards TV Shows

by I-Am-Batman

Do you have to turn your TV around to watch a backwards TV show?
Remove Ads.
Support Sporcle.
Get the best of Sporcle when you Go Orange. This ad-free experience offers more features, more stats, and more fun while also helping to support Sporcle. Thank you for becoming a member.

Show Comments

Extras

Top Quizzes Today


Score Distribution

Your Account Isn't Verified!

In order to create a playlist on Sporcle, you need to verify the email address you used during registration. Go to your Sporcle Settings to finish the process.

Report this User

Report this user for behavior that violates our Community Guidelines.

Details: